Statistics for Countries That Are In More Than One Continent

Click here to take the quiz!

General Stats

  • This quiz has been taken 60 times
  • The average score is 18 of 24

Answer Stats

ContinentsAnswer% Correct
Every ContinentFrance
98%
Africa and AsiaEgypt
96%
Asia and EuropeRussia
96%
N. America, Oceania and AsiaUnited States
96%
Asia and EuropeTurkey
94%
Africa and EuropeSpain
93%
Every ContinentUnited Kingdom
93%
S. America and N. AmericaPanama
85%
Europe and N. AmericaDenmark
81%
Asia and EuropeGeorgia
81%
Asia and OceaniaIndonesia
81%
Asia and EuropeAzerbaijan
80%
S. America and OceaniaChile
80%
Africa and EuropePortugal
80%
Asia and EuropeKazakhstan
76%
Europe and The AmericasNetherlands
74%
Africa and EuropeItaly
72%
S. America and OceaniaEcuador
63%
Africa and AsiaYemen
59%
S. America and N. AmericaColombia
57%
Asia and OceaniaJapan
57%
Asia and EuropeGreece
48%
Asia and OceaniaNew Zealand
48%
Asia and OceaniaEast Timor
44%

Score Distribution

Percentile by Number Answered

Percent of People with Each Score

Your Score History

You have not taken this quiz